000
00213nam a2200097Ia 4500
008
190216s9999||||xx |||||||||||||| ||und||
100
_a
Kartha Pc
245
0
_a
Boudhikam
260
_b
Kerala Basha Inst
942
_c
BK
999
_c
37663
_d
37663